00270nam a22000857a 4500008004100000040005500041245002600096260004900122310001300171230918b |||||||| |||| 00| 0 eng d aNational Science LibrarycNational Science Library aFAI abstract service  aNew Delhi: bFertiliser Association of India aMonthly